00380nam a2200181Ia 4500003000900000008004100009040001300050040001300063041000800076100001800084245003000102250001100132260002100143260000900164300000800173490001100181490000600192IT-RoPAU120407s9999 xx 000 0 und d aIT-RoPAU cIT-RoPAU aita aSergio Amaris aLe memorie di un sindaco. aModena aEdizioni Paoline c1964 c cm aVita q v1